[Event "Bundesliga 1112"]
[Site "Germany"]
[Date "2012.02.04"]
[Round "8.7"]
[White "Glek, Igor Vladimirovich"]
[Black "Rapport, Richard"]
[Result "1-0"]
[WhiteElo "2408"]
[BlackElo "2547"]
[Annotator "Meyer,CD"]
[PlyCount "141"]
[EventDate "2011.10.14"]
[EventType "team-tourn"]
[EventRounds "15"]
[EventCountry "GER"]
[SourceTitle "CBM 147"]
[Source "ChessBase"]
[SourceDate "2012.03.16"]
[SourceVersion "1"]
[SourceVersionDate "2012.03.16"]
[SourceQuality "1"]
[WhiteTeam "Katernberg"]
[BlackTeam "Werder Bremen"]
[WhiteTeamCountry "GER"]
[BlackTeamCountry "GER"]

1. e4 c5 2. Nf3 d6 3. Bb5+ Nc6 4. O-O Bd7 5. Re1 a6 6. Bxc6 Bxc6 7. d4 cxd4 8.
Nxd4 Nf6 9. Nxc6 bxc6 10. Qf3 e5 11. Bg5 Be7 12. Nd2 O-O 13. Nc4 Qc7 14. Ne3
Ne8 15. Bxe7 Qxe7 16. Rad1 Qe6 17. b3 Nf6 18. Rd2 Rfd8 19. Nc4 Ne8 20. Red1 f6
21. Qh3 Qe7 22. Qc3 c5 23. Qa5 Kf8 24. h3 g6 25. a3 Kg7 26. Rd3 h5 27. Qd2 Rab8
28. Nxd6 Nxd6 29. Rxd6 Qxd6 30. Qxd6 Rxd6 31. Rxd6 a5 {(Stellung nach 31...
a6-a5!) Nach schwerer Defensive und Bauernverlust bekam Schwarz erst im
Turmendspiel wieder Hoffnung. Zwar ist der weiße Vorteil evident, aber die
Verteidigung vermag überraschend zähen Widerstand zu leisten. Das vorliegende
gehaltvolle Beispiel ist trefflich zum Studium wie zum Gruppentraining
geeignet.} 32. Rd1 $6 ({Vermutlich die erste und einzige Ungenauigkeit des
Weißen in diesem Turmendspiel. Gegenüber Variante II und III läuft der Textzug
auf einen Zeitverlust hinaus. Alternativen: I} 32. Ra6 $6 c4 33. Rxa5 cxb3 34.
cxb3 Rxb3 35. h4 Rb1+ 36. Kh2 Rb3 37. f3 Kh6 38. Ra6 Kg7 39. a4 f5 40. exf5
gxf5 41. a5 Ra3 42. Kg3 Ra4 (42... Ra2 43. Ra7+ Kg6 44. a6) (42... Ra1) 43.
Ra7+ Kg6 44. a6 Kh6 45. Ra8 Kg7 46. a7 (46. Kh3 e4) 46... Ra2 47. Re8 (47. Kh2
Ra1) 47... Rxa7 48. Rxe5 Kf6 49. Re8 Ra4 50. Rg8 f4+ 51. Kh3 Ra5 $11) ({II} 32.
Rc6 $142 $1 {(oder Rd5!) hält zwar den Vorteil am stärksten fest, aber allem
Anschein nach kann Schwarz sich auch hier mit feiner Verteidigung behaupten, z.
B.:} a4 33. bxa4 Ra8 34. Rxc5 {ist Zugumstellung zu 32.Rc6} Rxa4 35. f3 Rxa3
36. h4 $1 $16 Kh6 37. c4 Rc3 $1 {"Wait and see!"} (37... g5 $2 {erweist sich
letztlich als gravierende Schwächung} 38. Rc6 Kg6 39. hxg5 Kxg5 40. c5 Rc3 41.
Rc8 h4 42. c6 Kf4 43. Kh2 Rc1 44. Rg8 Rxc6 45. Kh3 Rc7 46. Rg4+ Ke3 47. Kxh4
Rf7 48. Rg8 f5 49. exf5 Rxf5 50. Re8 {Dieser Stellungstyp (W: Kg2, Th5, Bf2,
g4 - S: Ke4, Ta5, Be5; Schwarz am Zug, dennoch +-) mit dem f+g-Bauern gegen
den auf e5 ähnelt der aus der Partie Unzicker - O`Kelly, Leipzig (ol) 1960;
Quelle: Enzyklopädie der Schachendspiele, Turmendspiel Nr. 733.} Kd4 (50... Kf4
51. g4 $1 Rf7 52. Kh3 $1 (52. Kh5 $2 Rh7+ 53. Kg6 Rh3 54. Rf8+ Ke3 55. Rf5 Rxf3
56. Rxe5+ Kf4 $11) 52... Rh7+ 53. Kg2 Rf7 54. Kf2 Rf6 55. Ra8 Rf7 56. Ra4+ Kg5
57. Ke3 Rf6 58. Ra8 Rb6 59. Rf8 $18) 51. Ra8 $1 Kd5 52. Ra6 $1 (52. Ra3 $2 Rf4+
53. Kg5 Ke6 54. g4 Kf7 55. Rb3 Kg7 56. Re3 Rf8 $11) 52... Rf8 53. Kg5 Rf7 54.
Kg6 Rf8 55. Rb6 Rg8+ (55... Rh8 56. g4 $18) (55... Kd4 56. Rb5) (55... Kc5 56.
Rf6) 56. Kf5 Rxg2 (56... Rf8+ 57. Rf6 Rh8 58. g4 $18) 57. Rb5+ Kd6 58. Rxe5 $18
) 38. Rc6 (38. Kh2 Kg7 39. Kg3 Kh6 40. Rc6 Kg7 41. Rc7+ Kh6 42. c5 g5 (42... f5
43. Kf2 Rc2+ 44. Ke3 Rxg2)) 38... Kg7 39. Rc7+ (39. c5 $6 f5) 39... Kh6 40. c5
(40. Rf7 Rxc4 41. Rxf6 Kg7 42. Rd6 Kf7 43. Kf2 $14 {/=}) 40... f5 $1 {Der
gegebene Hebel, der Schwarz vermutlich ausreichendes Gegenspiel gibt, und nun
z.B.:} 41. Kf2 ({Oder} 41. exf5 gxf5 42. c6 Kg6 43. Rc8 Kf6 44. c7 (44. Kf2 Ke7
45. Rh8 (45. Ke1 Kd6 46. Rh8 Rxc6 47. Rxh5 Rc1+) 45... Rxc6 46. Rxh5 Rc2+ 47.
Kg1 (47. Kg3 f4+ 48. Kh3 Kf6 49. Rh8 Rc1 (49... Kg7 50. Re8 Kf6)) 47... Ke6 48.
g4 fxg4 49. fxg4 e4 $132 {(=)}) 44... Ke7 45. Rh8 Rxc7 46. Rxh5 ({Der Übergang
ins Bauernendspiel nach} 46. Rh7+ Kd6 47. Rxc7 Kxc7 48. g4 {führt forciert ins
Remis, beispielsweise} fxg4 49. fxg4 Kd6 50. g5 e4 51. Kf2 Ke6 52. Ke3 Ke5 $11)
46... Kf6 47. Rh6+ Kg7 48. Re6 Rc4 49. g3 (49. h5 Rh4 50. Rxe5 Kf6 51. Rb5 Rxh5
$14 {/=}) 49... Rc1+ 50. Kg2 (50. Kf2 Rc2+ 51. Ke3 Rc3+ 52. Ke2 e4 $11) 50...
Rc2+ 51. Kh3 Rf2 $11) 41... Rc2+ (41... f4 $2 42. Kg1 Rc4 43. Kh2 Rc2 44. c6
Rc5 45. Rc8 Rc1 46. c7 Kg7 47. g3 Rc2+ 48. Kh3 fxg3 49. Kxg3 Rc3 (49... Kh7 50.
f4 $18 Rc3+ 51. Kf2 exf4 52. e5) 50. Kf2 Rc2+ 51. Ke3 Rc3+ 52. Kd2 Rc5 53. Kd3
g5 (53... Rc6 54. f4 $18) 54. hxg5 h4 55. f4 h3 (55... exf4 56. e5 h3 57. e6
$18) 56. f5 h2 57. f6+ Kg6 58. Rg8+ Kf7 59. Rh8 Rxc7 60. Rxh2 Kg6 61. Rf2 $18)
(41... fxe4 $2 42. fxe4 Rc2+ 43. Kf3 Rc3+ 44. Ke2 Rg3 (44... g5 45. Rc6+ Kg7
46. hxg5 Rg3 47. Rd6 Kf7 48. c6) 45. Re7 Rxg2+ 46. Kd3 Rg1 47. Kc4 $18) 42. Kf1
(42. Ke3 Rxg2 43. Rd7 (43. exf5 gxf5 44. Re7 Rh2) (43. Re7 f4+ 44. Kd3 Rf2 45.
Rxe5 Rxf3+ 46. Kd4 Rf1 47. Re6 Rd1+ 48. Ke5 Rc1 $132 {(=)}) 43... Rc2 44. Rd5
fxe4 45. Kxe4 g5 $1 $132 {(=)}) 42... Rc4 43. g3 fxe4 44. fxe4 Rxe4 45. Re7 Rg4
$1 $132 (45... Re3 $2 46. Kf2 Rc3 47. Rxe5 Kg7 48. Rg5 $18) 46. Kf2 g5 $11)
32... a4 33. Rb1 ({Nicht besser sind: I} 33. bxa4 Ra8 34. Rd7+ Kf8 35. Rc7 Rxa4
36. f3 Rxa3 37. Rxc5 h4) ({II} 33. Rd7+ Kf8 34. Rd3 Ra8 35. f3 axb3 36. Rxb3 h4
) 33... axb3 34. Rxb3 Ra8 35. f3 h4 $5 ({Als bemerkenswerte Alternative
erscheint mir} 35... Ra4 {und nun:} 36. Rb7+ (36. Rc3 c4 37. Kf2 Kf7 38. g3 (
38. Ke3 Ke6 39. Kd2 Kd6) 38... Ke7 {/\Kd6-c5=}) (36. h4 f5 37. exf5 gxf5 38.
Rc3 c4 39. f4 exf4 40. Rf3 Kf6 41. Rxf4 Ke5 42. Rf3 f4 43. g3 fxg3 44. Rxg3 Ra6
45. Kf2 Kf4 46. Rh3 Kg4 47. Rc3 Ra4 48. Ke3 Kxh4 $11) (36. Kf2 Rc4 37. Rb2 f5
38. Ra2 Ra4 39. exf5 (39. Ke3 fxe4) 39... gxf5 40. Ke2 Kf6 41. g3 (41. h4 Ke6
42. Ke3 Kd5 $11) 41... Kg5 42. h4+ (42. Kd3 $2 h4) 42... Kf6 43. Kd2 e4 $11)
36... Kh6 37. Rf7 h4 (37... Kg5) 38. Rxf6 Rxa3 39. Re6 Ra1+ 40. Kh2 Rc1 41.
Rxe5 Rxc2 42. f4 Rf2 43. f5 gxf5 44. exf5 c4 45. Re4 Kg5 46. Rxc4 Rxf5 $11) 36.
Rb5 (36. Rc3 c4 (36... Kf7) 37. Rxc4 (37. Kf2 Ra4) 37... Rxa3 38. Kf2 Ra1 39.
Rc7+ Kh6 40. Rd7 Kg5 41. Rd2 Kf4 42. Rd6 Kg5 43. g3 hxg3+ 44. Kxg3 Rg1+ 45. Kf2
Rh1 46. Kg2 Rc1 47. Rc6 f5 48. Rc5 Kf4 $11) 36... c4 37. Rb4 Rxa3 38. Rxc4 Kh6
39. Kf2 Kg5 40. g3 hxg3+ ({Das lockt den König nur vor. Es sprach eigentlich
nichts gegen} 40... Kh5 41. Rc8 g5 42. gxh4 gxh4 43. c4 (43. Ke2) 43... Kg5 $11
) 41. Kxg3 f5 42. h4+ Kf6 ({Besser gefällt mir das aktivere} 42... Kh5 {, z.B.}
43. c3 fxe4 ({auch} 43... g5 44. exf5 gxh4+ 45. Rxh4+ Kg5) 44. fxe4 Ra1 45. Rc5
Rg1+ 46. Kf2 Rc1 $11) 43. Rc6+ Kf7 ({Jedoch nicht} 43... Ke7 $2 {wegen} 44.
exf5 (44. Rxg6 $2 fxe4) 44... gxf5 45. h5 e4 46. c3 $18 {und Weiß gewinnt,
etwa nach} e3 (46... Kd7 47. Rc5 Kd6 (47... e3 48. Re5 Rxc3 49. Kf4) (47...
exf3 48. h6 f2 49. Kxf2 Ke6 50. h7 Ra8 51. Kf3) 48. Rc8 Ra7 (48... Kd7 49. h6)
49. fxe4 fxe4 50. Re8 Kd5 (50... Rg7+ 51. Kf4 Rh7 52. Kg5) 51. Kf4 Rf7+ 52. Kg5
Rf1 53. h6) 47. f4 Kd7 48. Rc5 e2 (48... Kd6 49. Rxf5 Rxc3 50. Re5) 49. Kf2 Kd6
50. Rc8 Ra7 (50... Kd7 51. Rc4 Ra1 52. Kxe2 Rh1 53. Rc5 Rxh5 54. Re5) 51. Kxe2
Rh7 52. Re8 Kd7 53. Re5 Rxh5 54. Kd3) 44. exf5 gxf5 45. c3 ({Oder} 45. h5 {
und nun:} Kg7 $1 (45... Ra4 $2 46. c4 Ra3 47. Rc7+ Kg8 (47... Kf6 48. h6 $18) (
47... Kf8 48. h6 $18) 48. Rc5 $1 Rc3 (48... e4 49. Rxf5 Rc3 50. Re5 exf3 (50...
Rxc4 51. fxe4 $18 (51. Rxe4 $2 Rc7 $11)) 51. Rc5 $18) 49. Kh4 Rxf3 50. Kg5 $18)
(45... e4 $2 46. c3 e3 47. f4 $18) 46. Kf2 (46. h6+ Kh7) 46... Ra4 47. h6+ Kh7
48. Ke3 (48. Re6 Rc4) (48. Rc5 Kxh6 49. Rxe5 Rc4) 48... Rh4 49. c4 Rd4 50. c5
Rc4 $11 {und wieder kann Schwarz sich behaupten (} 51. Kd3 Rc1 {)}) 45... Kg7
46. h5 ({Interessant ist auch} 46. f4 e4 (46... exf4+ $2 47. Kxf4 $18) 47. h5
Ra1 $44 {und nun z.B.} 48. Kh4 (48. c4 Rh1 49. Rg6+ (49. h6+ Kh7 50. c5 Rc1 51.
Kf2 Rc4 $11) 49... Kf7 50. Rg5 (50. c5 Rf1 51. Ra6 {ist Zugumstellung}) 50...
Kf6 51. c5 Rf1 52. Rg6+ (52. c6 e3 53. c7 Rc1 $11) 52... Kf7 53. Ra6 {ist
Zugumstellung} e3 $11 {und nach dem Tausch des e- gegen den c-Bauern ist das
Spiel wieder remis.}) 48... Rg1 49. h6+ Kf7 $1 50. Rc7+ Kf6 51. h7 Kg6 52. c4 (
52. h8=N+ Kf6 53. Nf7 e3 54. Ne5 e2 55. Rc6+ Ke7 56. Nf3 Rf1 $11) 52... e3 53.
Re7 Rh1+ 54. Kg3 Kf6 55. Rxe3 Rxh7 56. Rd3 Rc7 (56... Ke6 $2 57. Kf3 Rc7 58.
Rd4) 57. Rc3 Ke6 58. Kf3 Kf6 59. Ke2 Re7+ 60. Re3 Rd7 61. Rd3 Re7+ 62. Kf3 Rc7
63. Rd4 Kg6 $8 $11 {!}) 46... Kh7 $2 {Nachdem der junge Rapport viele
Verteidigungsprobleme gemeistert hat, scheitert er nun beim letzten.} (46...
Ra4 $1 {, was den feindlichen König zurückhält, führt zur vorigen Variante 45..
.Ra4/46...Kg7 (=)} 47. c4 Ra3 $8 {!} 48. Kg2 (48. Kf2 Ra2+ 49. Ke3 Ra3+ 50. Ke2
Ra2+ 51. Kd3 Ra3+ 52. Kc2 Rxf3 $13 {/=}) (48. Kh4 Rxf3 49. Kg5 f4 $1 $11) 48...
Ra2+ 49. Kh3 Ra3 50. Rg6+ Kf7 51. Kg2 Ra2+ 52. Kg3 Ra3) 47. Kh4 $18 {Der weiße
König dringt entscheidend vor. Die Verteidigungsressourcen sind ausgeschöpft.}
e4 48. fxe4 fxe4 49. Kg4 Ra5 50. Kf4 Rxh5 51. Kxe4 $18 Kg7 52. Re6 $8 (52. c4
$2 Kf7 $11) 52... Kf7 53. Re5 $8 {Mit der sogenannten senkrechten Sperre. Der
schwarze König ist um eine vitale Linie zu weit vom c-Bauern entfernt.} Rh8 54.
Kd4 Rd8+ 55. Kc5 Rc8+ 56. Kb4 Kf6 57. Re3 Rb8+ 58. Kc5 Rc8+ 59. Kd5 Kf5 60. c4
$8 Rd8+ 61. Kc6 Rc8+ 62. Kb5 Rb8+ 63. Ka5 Rc8 64. Kb4 Rb8+ 65. Kc3 Rc8 66. Re1
Kf6 67. Kb4 Rb8+ 68. Ka5 Rc8 69. Rc1 Ke6 70. Kb6 $8 Kd7 71. Rd1+ $8 1-0

[Event "Wch U20 56th"]
[Site "Tarvisio"]
[Date "2017.11.19"]
[Round "6"]
[White "Tari, Aryan"]
[Black "Alekseenko, Kirill"]
[Result "1-0"]
[WhiteElo "2581"]
[BlackElo "2563"]
[Annotator "Mikhalchishin,A"]
[PlyCount "75"]
[EventDate "2017.11.13"]
[EventType "swiss"]
[EventRounds "11"]
[EventCountry "ITA"]
[SourceTitle "CBM 182"]
[Source "ChessBase"]
[SourceDate "2018.01.17"]
[SourceVersion "1"]
[SourceVersionDate "2018.01.17"]
[SourceQuality "1"]

{This was a very important game in the championship, when the strong Russian
GM was leading after 5 rounds with a perfect score.} 1. e4 c5 2. Nf3 d6 3. Bb5+
Nd7 4. a4 {New fashion! Before Tari another Norwegian has used this weapon:
Magnus Carlsen.} Ngf6 5. Nc3 g6 6. a5 Bg7 ({Probably it is necessary to stop
the pawn by} 6... a6 {like Vachier Lagrave did.}) 7. a6 (7. O-O {has been
played here:} O-O 8. d3 a6 9. Bc4 b5 10. axb6 Nxb6 11. Bb3 Bb7 12. Re1 e6 13.
e5 dxe5 14. Nxe5 Nfd5 15. Na4 Nxa4 16. Bxa4 Nb6 {Giri,A (2778)-Vachier Lagrave,
M (2765) Reykjavik 2015, with equality.}) 7... O-O 8. O-O Ne8 $5 {Interesting
transfer, as other moves do not seem to be very promising} (8... Nb6 9. Re1
bxa6 10. Bxa6 Bxa6 11. Rxa6 $14) ({or} 8... e6 9. d3 Qb6 10. axb7 Bxb7 11. Re1
Rfd8 12. Ba4 h6 13. h3 d5 14. e5 Nh7 15. Bxd7 Rxd7 16. d4 cxd4 17. Ne2 d3 18.
Qxd3 d4 19. Nexd4 g5 20. c3 Nf8 {Carlsen,M (2822)-Dreev,A (2648) Tbilisi GEO
2017, with some compensation for the sacrificed pawn.}) 9. d4 bxa6 ({Clearly
better than} 9... Nc7 10. Bxd7 Qxd7 11. dxc5 Nxa6 12. cxd6 Qxd6 13. Qxd6 exd6
14. Nb5 (14. Bf4 Rd8 15. Rfd1 Nb4 16. Ne1 d5 17. Nb5 $14) 14... Bd7 15. Nxd6
Bc6 16. e5 Nb4 17. Bf4 Nxc2 18. Rad1 $14) 10. Bxa6 Bxa6 11. Rxa6 cxd4 12. Nxd4
Qc8 (12... Nc7 13. Ra3 Nc5 14. Be3 a5 15. Nd5 Nxd5 16. exd5 e6 17. dxe6 Nxe6
18. c3 $14) 13. Ra2 Nef6 14. Qe2 Nc5 15. Rd1 a6 16. f3 Qb7 17. Be3 ({A more
active way was} 17. Bg5 Rfc8 18. Qe3 $13) 17... Rfd8 18. Qf2 e5 19. Nde2 Ne6
20. Nd5 Nxd5 21. exd5 Nf8 ({A very logical try was} 21... Nc7 22. Nc3 (22. Bb6
$6 Rdb8 23. Bxc7 Qxc7 24. Nc3 f5 $15) 22... Nb5 23. Na4 Nd4 $13) 22. Nc3 Nd7 ({
An immediate reinforcement of the centre with} 22... f5 {was better.}) 23. Qe2
({Here White could stop it with} 23. g4) 23... f5 24. Rda1 Nf6 25. Qc4 e4 $1 {
Much more aggressive than} (25... Rdc8 26. Qb3 Qxb3 27. cxb3 Rcb8 28. Rxa6 Rxa6
29. Rxa6 Rxb3 30. Rxd6 Rxb2 $11) 26. Rxa6 Rxa6 27. Rxa6 Qxb2 28. Ra7 $2 (28.
Ra2 Qb8 29. Nb5 $11) 28... Nh5 $6 {Not bad, but Black would get big winning
chances with the typical} (28... Bh6 $1 29. Bf2 (29. Nd1 $145 Bxe3+ 30. Nxe3
Qb6 31. Qc7 Qxe3+ 32. Kf1 Qc1+ 33. Kf2 Qd2+ 34. Kf1 Qd1+ 35. Kf2 Qd4+ 36. Kf1
Rd7 $1 37. Qc8+ Kg7 38. Rxd7+ Kh6 $1 $19) 29... Qxc2 30. Rc7 Bf4 $19) 29. Ne2
exf3 $6 ({Still, an advantage was kept after} 29... f4 30. Qc7 Rf8 31. Rb7 Qa2
32. Bc1 exf3 33. gxf3 Qxd5 $17) 30. gxf3 Re8 ({Black could keep a draw with
the sharp attack} 30... Qb1+ 31. Kf2 Qh1 32. Qc7 Rf8 33. Bf4 g5 34. Bxd6 g4 35.
Bxf8 Qxf3+ 36. Ke1 Qh1+ 37. Kd2 Qxd5+) 31. Qc7 Qf6 $2 ({Now a much better try
was} 31... Qb8 32. Qf7+ Kh8 33. Rb7 Qa8 34. Kf2 $16) 32. Bd4 Qf8 33. Kf1 $1 Rc8
({An easy job awaited Tari after} 33... Ra8 34. Rxa8 Qxa8 35. Bxg7 Nxg7 36.
Qxd6 $18) 34. Qd7 Rd8 35. Qe6+ Kh8 36. Rf7 Qg8 37. Bxg7+ Nxg7 38. Qf6 $1 {
Black is in practical zugzwang!} 1-0

[Event "Geneve FIDE GP (Women)"]
[Site "Geneve"]
[Date "2013.05.11"]
[Round "8"]
[White "Hou, Yifan"]
[Black "Ushenina, Anna"]
[Result "0-1"]
[WhiteElo "2617"]
[BlackElo "2491"]
[Annotator "Mikhalchishin,A"]
[PlyCount "80"]
[EventDate "2013.05.03"]
[EventType "tourn"]
[EventRounds "11"]
[EventCountry "SUI"]
[EventCategory "11"]
[SourceTitle "CBM 155"]
[Source "ChessBase"]
[SourceDate "2013.07.16"]
[SourceVersion "1"]
[SourceVersionDate "2013.07.16"]
[SourceQuality "1"]
[WhiteClock "0:32:05"]
[BlackClock "0:31:13"]

{It was the game of the tournament for both players - in September they will
play a match for the World Championship title in the home city of Hou Yifan.
So, this game was a real warming up for them or, maybe, game 0! Moment zero.
Now they really understand the power of the opponent. I would not overestimate
or underestimate the result. Of course, it can have different impact on the
players and it is not clear what is better. Of course, it always good to win,
but... Let us wait and enjoy their fantastic struggle!} 1. e4 c5 2. Nf3 d6 3.
Bb5+ Nd7 4. d4 Ngf6 5. O-O cxd4 6. Qxd4 g6 ({The classical way is} 6... e5 7.
Qd3 h6 8. Nc3 Be7 9. Be3 O-O) 7. e5 dxe5 8. Qxe5 ({Another capture is possible,
but does not promise too much:} 8. Nxe5 Bg7 9. Rd1 O-O 10. Nxd7 (10. Nc3 Qb6
11. Nxd7 Nxd7 12. Qb4 a6 13. Be3 Bxc3 14. Bxb6 Bxb4 15. Bxd7 Bd6 16. Bxc8 Raxc8
17. c3 {1/2-1/2 Rublevsky,S-Yermolinsky,A/Hyderabad 2002}) 10... Nxd7 11. Qa4
Nb6 $1 12. Rxd8 Rxd8 13. Qf4 Rd1+ 14. Bf1 Nd5 15. Qf3 Rxc1 16. Qxd5 Bxb2) 8...
Bg7 9. Re1 e6 ({A new idea here is} 9... a6 10. Bxd7+ Bxd7 11. Bh6 Bxh6 12.
Qxf6 O-O 13. Qxe7 Bc6 14. Qxd8 Rfxd8 15. Ne5 Be4 16. Na3 Bf5 17. c3 b5 18. Nc6
Rd2 19. Ne7+ Kg7 20. Nxf5+ gxf5 21. Rab1 Rad8 22. Kf1 Kf6 23. Re2 Rd1+ 24. Rxd1
Rxd1+ 25. Re1 Rd2 26. Re2 Rd1+ 27. Re1 Rd2 28. Re2 Rd1+ {1/2 Velicka,P (2469)
-Rausis,I (2512)/Czech Republic CZE 2013}) 10. Qd6 a6 11. Bf1 Bf8 (11... Qe7 {
is not the best idea:} 12. Qxe7+ Kxe7 13. Nbd2 b6 14. b3 {Black does not have
weak pawns but falls behind in development.} Kf8 15. Nc4 Kg8 (15... Nd5 16.
Ba3+ Kg8 17. Rad1 Bc3 $5) 16. Ba3 Bb7 17. Nfe5 Nxe5 18. Nxe5 Ne4 (18... Rd8 19.
Rad1 Rxd1 20. Rxd1 Nd5 21. Bb2 $36 {[%csl Rg8]}) 19. Bb2 Rc8 20. Rad1 $1 (20.
c4 $5) 20... Bf6 21. Rd7 Nc5 $8 22. Rd6 b5 $8 23. Bd4 {with advantage in
Rublevsky,S (2686)-Ye Jiangchuan (2681)/Moscow 2004.}) ({Ushenina believed
that a more proper move here is} 11... Qb6 {but could not remember her old
analysis.}) 12. Qd3 (12. Qf4 {deserves serious attention}) 12... Bg7 13. c4 O-O
14. Nc3 b6 ({A better try was to develop differently in the centre:} 14... Qc7
15. g3 e5 16. Bg5 h6 17. Be3 Re8 18. Qc2 Nc5) 15. Bf4 Bb7 16. Rad1 Qc8 17. h3
Rd8 18. Na4 $2 {Looks tempting, but it is a serious mistake - decentralisation.
} ({White could keep a slight advantage after} 18. a3 Nh5 19. Bh2 Bh6 20. Ne5
Nxe5 21. Qxd8+ Qxd8 22. Rxd8+ Rxd8 23. Bxe5 Bf4 24. Bxf4 Nxf4 25. g3 Nh5 26.
Na4 Rd6 27. c5 bxc5 28. Nxc5 Bc8) 18... b5 $1 {An unexpected counterstrike.} ({
White was ready for a long line:} 18... Bc6 19. Nxb6 Nxb6 20. Qxd8+ Qxd8 21.
Rxd8+ Rxd8 22. Bc7 Rc8 23. Bxb6 Bxf3 24. gxf3 Nd7 25. Be3 Bxb2 26. Rb1 Ba3 {
but it is not clear what will happen after the blockade on c5.}) 19. cxb5 ({
White could hold better after} 19. Nc3 bxc4 20. Qxc4 Bxf3 21. Qxc8 Rdxc8 22.
gxf3) 19... axb5 20. Rc1 Nc5 21. Qxb5 {Ushenina honestly admitted that she
overlooked this move, but eventually Black obtains a very strong initiative
here.} ({White would get a worse ending after} 21. Rxc5 Rxd3 22. Rxc8+ Rxc8 23.
Bxd3 bxa4 24. Ne5 Nd5) 21... Rxa4 22. Rxc5 Qa8 23. Bc7 Rc8 24. Ne5 ({White
would get a slightly worse position after the best move} 24. Bd6 Rxc5 25. Bxc5
Bxf3 26. gxf3 Ra5 27. Qc4 Nd7) 24... Rxa2 25. Nc4 Nd5 $1 {Now White's pieces
started to be vulnerable.} 26. Bg3 ({It was necessary to try} 26. Be5) 26...
Bc6 27. Qb3 Bd4 $1 {A very strong move - now the white rook is in trouble.} 28.
Nd6 Rxb2 (28... Bxc5 {was very strong:} 29. Nxc8 Bd4 30. Rb1 Kg7 31. Qc4 Bf6
32. Nd6 Rxb2) 29. Qc4 Bxc5 30. Qxc5 Rcb8 {Now Rb1 is a threat and it becomes
clear, that White is in serious trouble.} 31. Ne4 Rb1 32. Re2 Rxf1+ $1 33. Kh2
(33. Kxf1 {lost immediately:} Rb1+ 34. Re1 Qa6+) 33... Rbb1 {Black has won a
rook and White has just a few cheap threats.} 34. Be5 Rh1+ 35. Kg3 Rhe1 36. Ra2
{This brave sacrifice cannot help.} Qxa2 37. Qxc6 Qa3+ 38. f3 Rxe4 $1 39. Bd6
Qxd6+ 40. Qxd6 Reb4 0-1

[Event "Zonal Lvov"]
[Site "Lvov"]
[Date "1978.??.??"]
[Round "10"]
[White "Kuzmin, Gennadi P"]
[Black "Dorfman, Josif D"]
[Result "1-0"]
[WhiteElo "2535"]
[BlackElo "2550"]
[Annotator "Moiseev,V"]
[PlyCount "88"]
[EventDate "1978.04.??"]
[EventType "tourn"]
[EventRounds "15"]
[EventCountry "URS"]
[EventCategory "13"]
[SourceTitle "MCL"]
[Source "ChessBase"]
[SourceDate "1999.07.01"]
[SourceVersion "1"]
[SourceVersionDate "1999.07.01"]
[SourceQuality "1"]

1. e4 c5 2. Nf3 d6 3. Bb5+ Nc6 4. O-O Bd7 5. Qe2 (5. Re1 Nf6 6. c3 a6 7. Bxc6 (
7. Ba4 c4 8. Bc2 e5 {N} (8... Rc8 {39/226}) 9. b3 b5 10. Qe2 Rc8 11. d3 (11. b4
{/\ a2-a4,Na3 ><b5}) 11... cxb3 12. axb3 b4 13. Rxa6 $6 (13. Bb2 $10 {Dokhojan/
}) 13... bxc3 $15 {Rozentalis,E-Dokhojan,Y/Bad Godesberg/1994/}) (7. Bf1 Bg4 8.
d3 e6 9. Nbd2 Be7 10. h3 Bh5 11. g4 Bg6 12. Nh4 d5 13. f4 dxe4 14. dxe4 Nd7 $1
{N} 15. Nhf3 $6 h5 16. f5 Bh7 17. Nc4 hxg4 18. hxg4 Qc7 19. Qd2 b5 20. Ne3 Nde5
21. Nxe5 Nxe5 22. Bg2 {Arhipov,S-Dokhojan,Y/Munster/1993/} c4 $1 $17 {Dohojan,Y
}) 7... Bxc6 8. d4 Bxe4 9. Bg5 Bd5 10. Nbd2 e6 11. c4 Bxf3 12. Qxf3 cxd4 13.
Qxb7 Qc8 14. Qf3 {N} Be7 15. Nb3 h6 $1 16. Bh4 O-O 17. Rac1 $6 (17. Qd3 $10 {
Sher/}) 17... Rb8 $1 $15 {Pedersen,H-Sher,M/Farum/1993/}) (5. c3 Nf6 6. d4 $5 {
N} Nxe4 7. Re1 Nf6 8. d5 (8. Bg5 $5 h6 $5 9. Bxf6 gxf6 $13 {Tukmakov,V}) 8...
Ne5 9. Bxd7+ Nexd7 10. Na3 $1 Nb6 $1 11. Bg5 Nfd7 12. Qb3 $13 {Georgiev,
Kr-Tukmakov,V/Chania/1992/0:1/50/}) 5... g6 6. e5 $6 dxe5 (6... d5 7. Bxc6 Bxc6
8. d4 $14) 7. Nxe5 Nxe5 (7... Nd4 $4 8. Qc4 $18) 8. Qxe5 Bxb5 (8... Nf6 $6 9.
Qxc5 Rc8 10. Bxd7+ Qxd7 11. Qxa7 $18) 9. Qxh8 Bxf1 (9... Nf6 $6 10. d3 Qd6 11.
Bg5 (11. Bh6 $2 Ng4 12. Qxf8+ Kd7 $19) 11... O-O-O 12. Bxf6 exf6 13. Qxh7 $18)
10. Qxg8 Bxg2 $5 (10... Ba6 $5 11. d3 Qd4 12. Nc3 Qg7 13. Qxg7 Bxg7 $15) 11.
Kxg2 Qd5+ 12. Kg1 Qg5+ 13. Kf1 Qh5 14. Nc3 Qxh2 15. Nd1 Rc8 (15... Rd8 $6 16.
d3 c4 17. Be3 cxd3 18. cxd3 Rxd3 19. Rc1 $16) 16. d3 (16. Qh8 $5) 16... c4 17.
d4 (17. Ne3 $2 cxd3 18. cxd3 Rxc1+ 19. Rxc1 Qh1+ $19) 17... Qh1+ 18. Ke2 Qh5+
19. f3 Rc6 20. Nf2 Re6+ 21. Be3 Qh6 (21... Qb5 $5 $36) 22. Ng4 (22. Ne4 Rxe4
23. fxe4 Qh5+ 24. Kd2 Qh2+ 25. Kc3 Qg3 $10) 22... Rxe3+ 23. Kf2 $1 (23. Nxe3
Qh2+ 24. Ke1 Qg3+ $10) 23... Rxf3+ $1 24. Kxf3 Qh3+ 25. Kf4 f5 $2 (25... Qh4 $1
26. Kf3 (26. Rg1 f5 27. Qxc4 fxg4 $132) 26... Qh3+ 27. Kf4 Qh4 $10) 26. Nf6+
exf6 27. Re1+ Kd7 28. Qf7+ Kc6 29. Qxc4+ $18 Kd6 30. Qe6+ Kc7 31. Qf7+ Kc6 32.
d5+ Kb6 33. Re6+ Ka5 34. Qc7+ Ka4 35. Qc4+ Ka5 (35... Bb4 36. Ra6+ bxa6 37.
Qxa6+ Ba5 38. Qc6+ Kb4 39. c3+ {Usachij/}) 36. Qc7+ Ka4 37. Qc4+ Ka5 38. Qc3+
Qxc3 39. bxc3 Kb5 40. Rxf6 Bh6+ 41. Kf3 Kc5 42. c4 Bg7 43. Re6 Bf8 44. Re8 Bd6
(44... Bd6 45. Rc8+ Kb6 46. a4 a5 47. Ke3 Bc5+ 48. Kd3 g5 49. Rg8 g4 50. Rg5
Bf2 51. Rxf5 g3 52. Ke2 $18) 1-0